[Event "La Pobla de Lillet op A"]
[Site "La Pobla de Lillet ESP"]
[Date "2014.08.04"]
[Round "3.4"]
[White "Gomez Jurado, LA."]
[Black "Herreros Fernandez, M."]
[Result "1-0"]
[WhiteElo "2302"]
[BlackElo "2242"]
[PlyCount "27"]
[EventDate "2014.08.02"]
[EventType "swiss"]
[EventRounds "9"]
[EventCountry "ESP"]
[SourceTitle "Ajedrez en Madrid"]
[Source "lmi"]
[SourceDate "2020.06.24"]
[SourceVersion "1"]
[SourceVersionDate "2020.06.24"]
[SourceQuality "1"]

1. c4 Nf6 2. g3 g6 3. Bg2 Bg7 4. Nc3 d6 5. e4 O-O 6. Nge2 c6 7. O-O a5 8. h3
Na6 9. d3 Ne8 10. Be3 e5 11. Qd2 Nc5 12. d4 exd4 13. Bxd4 f5 14. Bxc5 1-0

[Event "La Pobla de Lillet op A"]
[Site "La Pobla de Lillet ESP"]
[Date "2014.08.04"]
[Round "3.5"]
[White "Garcia Castellote, D."]
[Black "Breuker, DM."]
[Result "1/2-1/2"]
[WhiteElo "2002"]
[BlackElo "2061"]
[PlyCount "74"]
[EventDate "2014.08.02"]
[EventType "swiss"]
[EventRounds "9"]
[EventCountry "ESP"]
[SourceTitle "Ajedrez en Madrid"]
[Source "lmi"]
[SourceDate "2020.06.24"]
[SourceVersion "1"]
[SourceVersionDate "2020.06.24"]
[SourceQuality "1"]

1. e4 e5 2. Nf3 Nc6 3. Bb5 a6 4. Ba4 Nf6 5. d4 exd4 6. O-O Be7 7. Re1 b5 8. Bb3
d6 9. Bd5 Nxd5 10. exd5 Ne5 11. Nxd4 O-O 12. a4 Bg4 13. Qd2 Bd7 14. Nc3 b4 15.
Nce2 Qb8 16. b3 Qb7 17. c4 bxc3 18. Nxc3 Rfe8 19. Bb2 Bf8 20. g4 Nxg4 21. Qd3
Qb6 22. h3 Bf5 23. Qd2 Nf6 24. Kh2 Bd7 25. Qd3 c5 26. dxc6 Bxc6 27. Nxc6 Qxc6
28. Rxe8 Rxe8 29. Rd1 Rb8 30. Ne2 Ne4 31. Nd4 Qb7 32. Qf3 Nc5 33. Qxb7 Rxb7 34.
Ba3 g6 35. a5 Nxb3 36. Nxb3 Rxb3 37. Bxd6 Rb5 1/2-1/2

[Event "La Pobla de Lillet op A"]
[Site "La Pobla de Lillet ESP"]
[Date "2014.08.04"]
[Round "3.6"]
[White "Gomez Sanjuan, HF."]
[Black "Capellades Subirana, M."]
[Result "0-1"]
[WhiteElo "1812"]
[BlackElo "2188"]
[PlyCount "94"]
[EventDate "2014.08.02"]
[EventType "swiss"]
[EventRounds "9"]
[EventCountry "ESP"]
[SourceTitle "Ajedrez en Madrid"]
[Source "lmi"]
[SourceDate "2020.06.24"]
[SourceVersion "1"]
[SourceVersionDate "2020.06.24"]
[SourceQuality "1"]

1. d4 e6 2. c4 Nf6 3. Nc3 Bb4 4. Qc2 d6 5. e4 Bxc3+ 6. bxc3 e5 7. d5 Nh5 8. Be2
Nf4 9. Bxf4 exf4 10. Nf3 Nd7 11. O-O O-O 12. Rab1 Re8 13. Rfe1 a6 14. Bd3 Ne5
15. Nxe5 Rxe5 16. Qd2 Qg5 17. Rb2 b6 18. g3 fxg3 19. fxg3 Qxd2 20. Rxd2 Bf5 21.
Rde2 Bg6 22. Kf2 Rae8 23. g4 a5 24. Kf3 h6 25. Kf4 Bh7 26. h3 g6 27. h4 Kg7 28.
Rh1 f5 29. g5 Rf8 30. exf5 Rfxf5+ 31. Bxf5 Rxe2 32. Bb1 Bg8 33. Rg1 Bf7 34. Kf3
Re5 35. Kf4 hxg5+ 36. hxg5 c6 37. c5 Rxd5 38. cxb6 Rb5 39. Bd3 Rxb6 40. a4 Rb3
41. Rc1 Ra3 42. Ke3 Rxa4 43. c4 c5 44. Rc3 Rb4 45. Ra3 Bxc4 46. Bxc4 Rxc4 47.
Rxa5 Kf7 0-1

[Event "La Pobla de Lillet op A"]
[Site "La Pobla de Lillet ESP"]
[Date "2014.08.04"]
[Round "3.7"]
[White "Sayrol Clols, JM."]
[Black "Gabarro Sole, R."]
[Result "0-1"]
[WhiteElo "2134"]
[BlackElo "2071"]
[PlyCount "60"]
[EventDate "2014.08.02"]
[EventType "swiss"]
[EventRounds "9"]
[EventCountry "ESP"]
[SourceTitle "Ajedrez en Madrid"]
[Source "lmi"]
[SourceDate "2020.06.24"]
[SourceVersion "1"]
[SourceVersionDate "2020.06.24"]
[SourceQuality "1"]

1. e4 g6 2. d4 Bg7 3. f4 c5 4. c3 d5 5. e5 cxd4 6. cxd4 Nc6 7. Nc3 Nh6 8. Be2
O-O 9. Bf3 e6 10. Be3 Nf5 11. Qd2 b5 12. Nge2 Qa5 13. O-O b4 14. Nd1 Ba6 15. g4
Nxe3 16. Nxe3 Qb6 17. Rfd1 Bxe2 18. Bxe2 f6 19. Kh1 fxe5 20. fxe5 Rf2 21. Qd3
Nxd4 22. Bf1 Bxe5 23. Bg2 Raf8 24. g5 R8f4 25. Rac1 Rh4 26. Rc8+ Kg7 27. h3 Ne2
28. Ng4 Rxg2 29. Nxe5 Rg1+ 30. Kh2 Qf2# 0-1

[Event "La Pobla de Lillet op A"]
[Site "La Pobla de Lillet ESP"]
[Date "2014.08.04"]
[Round "3.8"]
[White "Guasch Murtra, JM."]
[Black "Cervello Tost, F."]
[Result "0-1"]
[WhiteElo "1992"]
[BlackElo "2141"]
[PlyCount "88"]
[EventDate "2014.08.02"]
[EventType "swiss"]
[EventRounds "9"]
[EventCountry "ESP"]
[SourceTitle "Ajedrez en Madrid"]
[Source "lmi"]
[SourceDate "2020.06.24"]
[SourceVersion "1"]
[SourceVersionDate "2020.06.24"]
[SourceQuality "1"]

1. d4 Nf6 2. Nf3 e6 3. g3 c5 4. c3 Be7 5. Bg2 O-O 6. O-O d5 7. Nbd2 b6 8. Ne5
Bb7 9. Nb3 Nbd7 10. Nxd7 Qxd7 11. Bg5 Rac8 12. e3 Ne4 13. Bxe7 Qxe7 14. Qe2 c4
15. Nd2 Nxd2 16. Qxd2 a5 17. a4 Bc6 18. Ra3 Qd7 19. Rfa1 Rc7 20. Bf3 Rb8 21. h4
Rcb7 22. R3a2 f5 23. Bh5 g6 24. Be2 h5 25. Bd1 Qc7 26. b3 b5 27. axb5 Rxb5 28.
b4 axb4 29. cxb4 Rxb4 30. Ra7 R4b7 31. R7a2 Be8 32. Qc3 Qe7 33. f4 Qb4 34. Qxb4
Rxb4 35. Ra7 Rb1 36. Kf2 R8b2+ 37. Kf3 Rxa1 38. Rxa1 Bb5 39. Ra3 Kf7 40. Ra7+
Kf6 41. Ra3 c3 42. Rxc3 Rd2 43. Bb3 Bf1 44. g4 hxg4+ 0-1

[Event "La Pobla de Lillet op A"]
[Site "La Pobla de Lillet ESP"]
[Date "2014.08.04"]
[Round "3.9"]
[White "Macaya Ruiz, A."]
[Black "Diaz Lopez, P."]
[Result "1-0"]
[WhiteElo "2117"]
[BlackElo "1966"]
[PlyCount "61"]
[EventDate "2014.08.02"]
[EventType "swiss"]
[EventRounds "9"]
[EventCountry "ESP"]
[SourceTitle "Ajedrez en Madrid"]
[Source "lmi"]
[SourceDate "2020.06.24"]
[SourceVersion "1"]
[SourceVersionDate "2020.06.24"]
[SourceQuality "1"]

1. d4 Nf6 2. c4 g6 3. Nc3 Bg7 4. e4 d6 5. h3 O-O 6. Bg5 c6 7. Nf3 Nbd7 8. Be2
e5 9. d5 h6 10. Be3 Qe7 11. Qc2 Ne8 12. g4 Kh7 13. Nd2 Bf6 14. h4 Bg7 15. Nf1
Ndf6 16. Rg1 cxd5 17. cxd5 Qc7 18. g5 Ng8 19. h5 Bd7 20. gxh6 Bxh6 21. hxg6+
fxg6 22. Qd2 Bxe3 23. Nxe3 Nef6 24. Bg4 Bxg4 25. Nxg4 Nxg4 26. Rxg4 Qf7 27. f4
Rac8 28. O-O-O exf4 29. Rh1+ Kg7 30. Qh2 Rfe8 31. Rxf4 1-0

[Event "La Pobla de Lillet op A"]
[Site "La Pobla de Lillet ESP"]
[Date "2014.08.04"]
[Round "3.10"]
[White "Garcia Castellote, O."]
[Black "Picatoste Verdejo, S."]
[Result "1-0"]
[WhiteElo "2058"]
[BlackElo "1906"]
[PlyCount "57"]
[EventDate "2014.08.02"]
[EventType "swiss"]
[EventRounds "9"]
[EventCountry "ESP"]
[SourceTitle "Ajedrez en Madrid"]
[Source "lmi"]
[SourceDate "2020.06.24"]
[SourceVersion "1"]
[SourceVersionDate "2020.06.24"]
[SourceQuality "1"]

1. e4 g6 2. d4 Bg7 3. c4 d6 4. Nc3 Nc6 5. Be3 e5 6. d5 Nce7 7. g4 Nf6 8. f3 O-O
9. Qd2 h5 10. h3 Kh7 11. Bd3 a6 12. Nge2 Bd7 13. Ng3 Neg8 14. Bg5 Qc8 15. Nce2
Re8 16. Rc1 b6 17. Qe3 Kh8 18. gxh5 gxh5 19. Qf2 Nh7 20. Nxh5 Nxg5 21. Nxg7
Kxg7 22. Rg1 Kf8 23. Rxg5 Bxh3 24. Qh4 Bd7 25. f4 f6 26. Rg3 Re7 27. Qh8 Bg4
28. Kd2 exf4 29. Nxf4 1-0

[Event "La Pobla de Lillet op A"]
[Site "La Pobla de Lillet ESP"]
[Date "2014.08.05"]
[Round "4.1"]
[White "Movsziszian, K."]
[Black "Mellado Triviño, J."]
[Result "0-1"]
[WhiteElo "2509"]
[BlackElo "2443"]
[PlyCount "46"]
[EventDate "2014.08.02"]
[EventType "swiss"]
[EventRounds "9"]
[EventCountry "ESP"]
[SourceTitle "Ajedrez en Madrid"]
[Source "lmi"]
[SourceDate "2020.06.24"]
[SourceVersion "1"]
[SourceVersionDate "2020.06.24"]
[SourceQuality "1"]

1. g3 d5 2. Bg2 e5 3. d3 Nc6 4. a3 a5 5. Nf3 Nf6 6. O-O Bc5 7. Bg5 Be6 8. Nc3
d4 9. Ne4 Be7 10. Nxf6+ Bxf6 11. Bxf6 Qxf6 12. c3 O-O 13. cxd4 exd4 14. Qa4 Ra6
15. Nd2 Qe5 16. Rfe1 Bd5 17. Rac1 Bxg2 18. Kxg2 Rd8 19. Ne4 Rb6 20. Nc5 Ne7 21.
Qxa5 Rxb2 22. Nxb7 Rb5 23. Rc5 Qxc5 0-1

[Event "La Pobla de Lillet op A"]
[Site "La Pobla de Lillet ESP"]
[Date "2014.08.05"]
[Round "4.2"]
[White "Renteria Becerra, J."]
[Black "Gomez Jurado, LA."]
[Result "0-1"]
[WhiteElo "2306"]
[BlackElo "2302"]
[PlyCount "74"]
[EventDate "2014.08.02"]
[EventType "swiss"]
[EventRounds "9"]
[EventCountry "ESP"]
[SourceTitle "Ajedrez en Madrid"]
[Source "lmi"]
[SourceDate "2020.06.24"]
[SourceVersion "1"]
[SourceVersionDate "2020.06.24"]
[SourceQuality "1"]

1. e4 c6 2. d4 d5 3. e5 Bf5 4. h4 h5 5. Bg5 Qb6 6. Bd3 Bxd3 7. Qxd3 e6 8. Nd2
Nd7 9. Ngf3 Ne7 10. O-O f6 11. Bf4 Kf7 12. Rfe1 Re8 13. c4 c5 14. exf6 gxf6 15.
Be3 Bh6 16. dxc5 Nxc5 17. Bxc5 Qxc5 18. b4 Qc8 19. Nd4 Bxd2 20. Qxd2 e5 21. Nb5
Qc6 22. a4 d4 23. Nxa7 Qxc4 24. Rac1 Qe6 25. Rc7 Ra8 26. Rxb7 Rhg8 27. g3 Qd5
28. Rc7 Ke8 29. Qe2 Kd8 30. Rec1 d3 31. Qd2 Nf5 32. R7c5 Qe4 33. Nc6+ Ke8 34.
Qa2 Kf8 35. Qd2 Rg6 36. Re1 Nxg3 37. fxg3 Rxg3+ 0-1

[Event "La Pobla de Lillet op A"]
[Site "La Pobla de Lillet ESP"]
[Date "2014.08.05"]
[Round "4.3"]
[White "Breuker, DM."]
[Black "Sanpera Bonet, JC."]
[Result "1/2-1/2"]
[WhiteElo "2061"]
[BlackElo "2089"]
[PlyCount "34"]
[EventDate "2014.08.02"]
[EventType "swiss"]
[EventRounds "9"]
[EventCountry "ESP"]
[SourceTitle "Ajedrez en Madrid"]
[Source "lmi"]
[SourceDate "2020.06.24"]
[SourceVersion "1"]
[SourceVersionDate "2020.06.24"]
[SourceQuality "1"]

1. e4 d6 2. d4 Nf6 3. Nc3 Nc6 4. f4 g6 5. d5 Nb8 6. e5 Nfd7 7. Nf3 Bg7 8. e6
fxe6 9. dxe6 Nc5 10. f5 O-O 11. fxg6 Bxe6 12. gxh7+ Kh8 13. Be3 Nc6 14. Qd2 Bf5
15. a3 a6 16. Be2 e5 17. O-O Ne6 1/2-1/2

[Event "La Pobla de Lillet op A"]
[Site "La Pobla de Lillet ESP"]
[Date "2014.08.05"]
[Round "4.4"]
[White "Capellades Subirana, M."]
[Black "Boix Moreno, D."]
[Result "1/2-1/2"]
[WhiteElo "2188"]
[BlackElo "2267"]
[PlyCount "53"]
[EventDate "2014.08.02"]
[EventType "swiss"]
[EventRounds "9"]
[EventCountry "ESP"]
[SourceTitle "Ajedrez en Madrid"]
[Source "lmi"]
[SourceDate "2020.06.24"]
[SourceVersion "1"]
[SourceVersionDate "2020.06.24"]
[SourceQuality "1"]

1. e4 c5 2. Nf3 d6 3. d4 cxd4 4. Nxd4 Nf6 5. Nc3 a6 6. Be2 e5 7. Nb3 Be7 8. a4
Be6 9. Bg5 Nbd7 10. Qd2 h6 11. Be3 O-O 12. O-O Rc8 13. f3 Nb6 14. a5 Nc4 15.
Bxc4 Rxc4 16. Rad1 Qc8 17. Nc1 Rd8 18. Nd3 Qc6 19. Rf2 Rc8 20. Ne1 Bd8 21. Ra1
d5 22. exd5 Nxd5 23. Nxd5 Bxd5 24. c3 Be6 25. Nd3 Qd5 26. b4 Rxc3 27. Nc5
1/2-1/2

[Event "La Pobla de Lillet op A"]
[Site "La Pobla de Lillet ESP"]
[Date "2014.08.05"]
[Round "4.5"]
[White "Mestre Bellido, H."]
[Black "Prats Rodriguez, JB."]
[Result "1-0"]
[WhiteElo "2299"]
[BlackElo "2050"]
[PlyCount "57"]
[EventDate "2014.08.02"]
[EventType "swiss"]
[EventRounds "9"]
[EventCountry "ESP"]
[SourceTitle "Ajedrez en Madrid"]
[Source "lmi"]
[SourceDate "2020.06.24"]
[SourceVersion "1"]
[SourceVersionDate "2020.06.24"]
[SourceQuality "1"]

1. Nf3 d5 2. g3 Bg4 3. Bg2 e6 4. c4 c6 5. O-O Nf6 6. b3 Be7 7. Bb2 O-O 8. Ne5
Bh5 9. d4 Nbd7 10. Nd2 Rc8 11. h3 Nxe5 12. dxe5 Nd7 13. g4 Bg6 14. f4 f5 15.
gxf5 Bxf5 16. e4 dxe4 17. Nxe4 Nc5 18. Nd6 Bxd6 19. exd6 Nd3 20. Be5 Qb6+ 21.
Kh2 Nxe5 22. fxe5 Qe3 23. Qe1 Qh6 24. Rf3 Kh8 25. Qe3 g5 26. Raf1 Qg7 27. Rxf5
exf5 28. e6 f4 29. Qe4 1-0

[Event "La Pobla de Lillet op A"]
[Site "La Pobla de Lillet ESP"]
[Date "2014.08.05"]
[Round "4.6"]
[White "Herreros Fernandez, M."]
[Black "Moya Arau, C."]
[Result "0-1"]
[WhiteElo "2242"]
[BlackElo "2034"]
[PlyCount "70"]
[EventDate "2014.08.02"]
[EventType "swiss"]
[EventRounds "9"]
[EventCountry "ESP"]
[SourceTitle "Ajedrez en Madrid"]
[Source "lmi"]
[SourceDate "2020.06.24"]
[SourceVersion "1"]
[SourceVersionDate "2020.06.24"]
[SourceQuality "1"]

1. Nf3 Nf6 2. c4 e6 3. g3 b6 4. Bg2 Bb7 5. O-O c5 6. b3 Be7 7. Bb2 O-O 8. d3 d6
9. Nbd2 Nbd7 10. h3 a6 11. e3 b5 12. Qc2 Qb6 13. a4 Bc6 14. a5 Qb7 15. e4 Rab8
16. Bc3 d5 17. Ne5 Nxe5 18. Bxe5 Rbc8 19. exd5 exd5 20. Rfe1 Rfe8 21. cxb5 axb5
22. d4 c4 23. Nf3 b4 24. Nh4 c3 25. Nf5 Qd7 26. g4 Ne4 27. Bxg7 Nd6 28. Nxe7+
Rxe7 29. Be5 Rce8 30. g5 Nf5 31. Bf1 Nxd4 32. Bxd4 Rxe1 33. Rxe1 Rxe1 34. Kg2
Bb5 35. Bxb5 Qxb5 0-1

[Event "La Pobla de Lillet op A"]
[Site "La Pobla de Lillet ESP"]
[Date "2014.08.05"]
[Round "4.7"]
[White "Corrigüelas Armillas, F."]
[Black "Cervello Tost, F."]
[Result "0-1"]
[WhiteElo "2035"]
[BlackElo "2141"]
[PlyCount "62"]
[EventDate "2014.08.02"]
[EventType "swiss"]
[EventRounds "9"]
[EventCountry "ESP"]
[SourceTitle "Ajedrez en Madrid"]
[Source "lmi"]
[SourceDate "2020.06.24"]
[SourceVersion "1"]
[SourceVersionDate "2020.06.24"]
[SourceQuality "1"]

1. e4 c6 2. d4 d5 3. Nc3 dxe4 4. Nxe4 Bf5 5. Ng3 Bg6 6. Nf3 Nd7 7. Bd3 e6 8.
O-O Ngf6 9. Re1 Be7 10. b3 Qc7 11. Bb2 O-O 12. Bxg6 hxg6 13. Ne5 Rad8 14. Qe2
Nxe5 15. dxe5 Nd5 16. Ne4 Rd7 17. Qg4 c5 18. c4 Nb4 19. Nf6+ gxf6 20. exf6 Bd6
21. Qh4 Rfd8 22. Bc1 Bf8 23. Bh6 Rd4 24. Qh3 Qd6 25. g3 Nc2 26. Bxf8 Qxf8 27.
Re5 Nxa1 28. Rg5 Nc2 29. Qh5 Qg7 30. Qf3 Rd1+ 31. Kg2 Ne1+ 0-1

[Event "La Pobla de Lillet op A"]
[Site "La Pobla de Lillet ESP"]
[Date "2014.08.05"]
[Round "4.8"]
[White "Masachs Vendrell, F."]
[Black "Macaya Ruiz, A."]
[Result "0-1"]
[WhiteElo "2010"]
[BlackElo "2117"]
[PlyCount "36"]
[EventDate "2014.08.02"]
[EventType "swiss"]
[EventRounds "9"]
[EventCountry "ESP"]
[SourceTitle "Ajedrez en Madrid"]
[Source "lmi"]
[SourceDate "2020.06.24"]
[SourceVersion "1"]
[SourceVersionDate "2020.06.24"]
[SourceQuality "1"]

1. d4 d5 2. e4 c6 3. c4 dxe4 4. Nc3 e5 5. Qh5 exd4 6. Qe5+ Be6 7. Nxe4 c5 8.
Bg5 Nc6 9. Qg3 f6 10. Bf4 Qd7 11. Bd6 b6 12. O-O-O Nh6 13. Bxf8 Kxf8 14. Bd3
Nb4 15. Qf4 Nf7 16. Nh3 Bxh3 17. gxh3 Qxh3 18. Ng5 Qxd3 0-1

[Event "La Pobla de Lillet op A"]
[Site "La Pobla de Lillet ESP"]
[Date "2014.08.05"]
[Round "4.9"]
[White "Gabarro Sole, R."]
[Black "Jover Font, P."]
[Result "1-0"]
[WhiteElo "2071"]
[BlackElo "2005"]
[PlyCount "79"]
[EventDate "2014.08.02"]
[EventType "swiss"]
[EventRounds "9"]
[EventCountry "ESP"]
[SourceTitle "Ajedrez en Madrid"]
[Source "lmi"]
[SourceDate "2020.06.24"]
[SourceVersion "1"]
[SourceVersionDate "2020.06.24"]
[SourceQuality "1"]

1. e4 e5 2. Nf3 Nc6 3. Nc3 Bc5 4. g3 Nf6 5. Bg2 a6 6. O-O d6 7. a3 Be6 8. d3
Qd7 9. b4 Ba7 10. Be3 O-O 11. Bxa7 Rxa7 12. Ng5 Nd4 13. Nxe6 fxe6 14. Ne2 a5
15. c3 Nxe2+ 16. Qxe2 Rfa8 17. Qb2 Qb5 18. c4 Qb6 19. b5 Rf8 20. Bh3 Kf7 21. c5
Qxc5 22. Rac1 Qb6 23. Rxc7+ Qxc7 24. b6 Qb8 25. bxa7 Qxa7 26. Rb1 Rb8 27. Qb3
d5 28. Qc3 Nd7 29. exd5 Qc5 30. dxe6+ Ke7 31. Qd2 Nf6 32. Rc1 Qd6 33. Qxa5 b6
34. Qa7+ Kd8 35. Qxg7 Ne8 36. Qg5+ Qe7 37. Qxe5 Rc8 38. Qd5+ Nd6 39. Rxc8+ Kxc8
40. Qxd6 1-0

[Event "La Pobla de Lillet op A"]
[Site "La Pobla de Lillet ESP"]
[Date "2014.08.06"]
[Round "5.1"]
[White "Mellado Triviño, J."]
[Black "Gomez Jurado, LA."]
[Result "1/2-1/2"]
[WhiteElo "2443"]
[BlackElo "2302"]
[PlyCount "30"]
[EventDate "2014.08.02"]
[EventType "swiss"]
[EventRounds "9"]
[EventCountry "ESP"]
[SourceTitle "Ajedrez en Madrid"]
[Source "lmi"]
[SourceDate "2020.06.24"]
[SourceVersion "1"]
[SourceVersionDate "2020.06.24"]
[SourceQuality "1"]

1. d4 d5 2. c4 c6 3. cxd5 cxd5 4. Nc3 Nf6 5. Nf3 Nc6 6. Bf4 Bf5 7. e3 e6 8. Bd3
Bxd3 9. Qxd3 Bd6 10. Bxd6 Qxd6 11. O-O O-O 12. Rac1 Rac8 13. a3 a6 14. b4 b5
15. Rfd1 Rfd8 1/2-1/2

[Event "La Pobla de Lillet op A"]
[Site "La Pobla de Lillet ESP"]
[Date "2014.08.06"]
[Round "5.2"]
[White "Macaya Ruiz, A."]
[Black "Movsziszian, K."]
[Result "0-1"]
[WhiteElo "2117"]
[BlackElo "2509"]
[PlyCount "68"]
[EventDate "2014.08.02"]
[EventType "swiss"]
[EventRounds "9"]
[EventCountry "ESP"]
[SourceTitle "Ajedrez en Madrid"]
[Source "lmi"]
[SourceDate "2020.06.24"]
[SourceVersion "1"]
[SourceVersionDate "2020.06.24"]
[SourceQuality "1"]

1. d4 d6 2. Nf3 g6 3. c4 Bg7 4. Nc3 Nd7 5. e4 e5 6. d5 a5 7. h3 Ne7 8. Be2 O-O
9. O-O f5 10. Ng5 Nc5 11. Be3 Bf6 12. Bxc5 Bxg5 13. Ba3 b6 14. b3 Kg7 15. Bb2
f4 16. a3 Ng8 17. f3 Bh4 18. Bd3 h5 19. Qd2 g5 20. Ne2 Nh6 21. b4 Kh7 22. c5
bxc5 23. bxc5 g4 24. fxg4 hxg4 25. Nxf4 Qg5 26. cxd6 cxd6 27. Rac1 Ra7 28. Qe3
Rb7 29. Bc3 exf4 30. e5+ Kg8 31. Qd4 gxh3 32. Rc2 Nf5 33. Qc4 h2+ 34. Kh1 Ng3+
0-1

[Event "La Pobla de Lillet op A"]
[Site "La Pobla de Lillet ESP"]
[Date "2014.08.06"]
[Round "5.4"]
[White "Moya Arau, C."]
[Black "Capellades Subirana, M."]
[Result "0-1"]
[WhiteElo "2034"]
[BlackElo "2188"]
[PlyCount "66"]
[EventDate "2014.08.02"]
[EventType "swiss"]
[EventRounds "9"]
[EventCountry "ESP"]
[SourceTitle "Ajedrez en Madrid"]
[Source "lmi"]
[SourceDate "2020.06.24"]
[SourceVersion "1"]
[SourceVersionDate "2020.06.24"]
[SourceQuality "1"]

1. e4 e5 2. Nf3 Nc6 3. d4 exd4 4. Nxd4 Nf6 5. Nxc6 bxc6 6. Bd3 d5 7. exd5 cxd5
8. O-O Be7 9. Nc3 O-O 10. Bf4 Bb7 11. Ne2 Ne4 12. Ng3 f5 13. Qe2 Bg5 14. Bxg5
Qxg5 15. Qh5 Qxh5 16. Nxh5 f4 17. g3 Nd2 18. Rfd1 Nf3+ 19. Kg2 fxg3 20. fxg3 d4
21. Nf4 Ng5+ 22. Kg1 Nf3+ 23. Kg2 Kh8 24. Be2 Ng5+ 25. Kg1 Rae8 26. Bg4 Bf3 27.
Bxf3 Nxf3+ 28. Kg2 g5 29. Kxf3 gxf4 30. gxf4 Re3+ 31. Kg4 h5+ 32. Kxh5 Rg8 33.
Rd3 Re7 0-1

[Event "La Pobla de Lillet op A"]
[Site "La Pobla de Lillet ESP"]
[Date "2014.08.06"]
[Round "5.5"]
[White "Cervello Tost, F."]
[Black "Breuker, DM."]
[Result "1/2-1/2"]
[WhiteElo "2141"]
[BlackElo "2061"]
[PlyCount "102"]
[EventDate "2014.08.02"]
[EventType "swiss"]
[EventRounds "9"]
[EventCountry "ESP"]
[SourceTitle "Ajedrez en Madrid"]
[Source "lmi"]
[SourceDate "2020.06.24"]
[SourceVersion "1"]
[SourceVersionDate "2020.06.24"]
[SourceQuality "1"]

1. Nf3 d5 2. g3 Nf6 3. Bg2 c6 4. d4 Bg4 5. O-O Nbd7 6. Nbd2 e6 7. Re1 Be7 8. e4
dxe4 9. Nxe4 O-O 10. c3 Nxe4 11. Rxe4 Bf5 12. Re1 Qb6 13. Qe2 h6 14. Be3 Qc7
15. Bf4 Bd6 16. Bxd6 Qxd6 17. Ne5 Nf6 18. b4 Rac8 19. Qb2 Rfd8 20. a4 Nd5 21.
Nc4 Qc7 22. Ne3 Bg6 23. Rac1 a5 24. bxa5 Qxa5 25. Nc4 Qa6 26. Ne5 Bf5 27. Bf1
Qa7 28. a5 c5 29. a6 bxa6 30. dxc5 Rxc5 31. c4 Nf6 32. Bg2 Qc7 33. Ra1 a5 34.
Ra3 Ng4 35. Nxg4 Bxg4 36. Bf1 Rd1 37. Rxd1 Bxd1 38. Qd2 Bg4 39. Rd3 Bf5 40.
Rd8+ Kh7 41. Rd7 Qe5 42. Rxf7 Qa1 43. Rf8 Bh3 44. Qd3+ Rf5 45. Rxf5 exf5 46. c5
Qc1 47. c6 Bxf1 48. Qxf5+ Kg8 49. Qe6+ Kh7 50. Qf5+ Kg8 51. Qe6+ Kh7 1/2-1/2

[Event "La Pobla de Lillet op A"]
[Site "La Pobla de Lillet ESP"]
[Date "2014.08.06"]
[Round "5.6"]
[White "Garcia Castellote, O."]
[Black "Gabarro Sole, R."]
[Result "1/2-1/2"]
[WhiteElo "2058"]
[BlackElo "2071"]
[PlyCount "89"]
[EventDate "2014.08.02"]
[EventType "swiss"]
[EventRounds "9"]
[EventCountry "ESP"]
[SourceTitle "Ajedrez en Madrid"]
[Source "lmi"]
[SourceDate "2020.06.24"]
[SourceVersion "1"]
[SourceVersionDate "2020.06.24"]
[SourceQuality "1"]

1. e4 c6 2. d4 d5 3. Nc3 dxe4 4. Nxe4 Nf6 5. Nxf6+ gxf6 6. c3 Bf5 7. Nf3 Nd7 8.
g3 Qc7 9. Bg2 O-O-O 10. O-O e6 11. b4 Bd6 12. Qb3 h5 13. Nh4 Bh7 14. c4 Be7 15.
Re1 Qd6 16. b5 Qb4 17. Be3 Nb8 18. bxc6 Nxc6 19. d5 Na5 20. Qxb4 Bxb4 21. Red1
Bc3 22. Rac1 Bb2 23. Bxa7 Bxc1 24. Rxc1 Kc7 25. c5 Ra8 26. Bb6+ Kc8 27. c6 bxc6
28. dxc6 Ra6 29. Be3 Bd3 30. a4 Nc4 31. Rc3 Nxe3 32. fxe3 Rd8 33. c7 Rg8 34.
Rxd3 Rxa4 35. Rb3 Kxc7 36. Rb7+ Kd6 37. Rxf7 Ra1+ 38. Kf2 f5 39. Rb7 Ra2+ 40.
Kf3 Rc8 41. Kf4 Rc4+ 42. Kg5 Rxh4 43. Rb6+ Kc7 44. Rb7+ Kd6 45. Rb6+ 1/2-1/2

[Event "La Pobla de Lillet op A"]
[Site "La Pobla de Lillet ESP"]
[Date "2014.08.06"]
[Round "5.7"]
[White "Renteria Becerra, J."]
[Black "Garcia Castellote, D."]
[Result "1-0"]
[WhiteElo "2306"]
[BlackElo "2002"]
[PlyCount "89"]
[EventDate "2014.08.02"]
[EventType "swiss"]
[EventRounds "9"]
[EventCountry "ESP"]
[SourceTitle "Ajedrez en Madrid"]
[Source "lmi"]
[SourceDate "2020.06.24"]
[SourceVersion "1"]
[SourceVersionDate "2020.06.24"]
[SourceQuality "1"]

1. d4 Nf6 2. c4 g6 3. Nc3 Bg7 4. e4 d6 5. h3 O-O 6. Be3 e5 7. d5 a5 8. Nf3 Na6
9. Be2 Nd7 10. g4 f5 11. gxf5 gxf5 12. Bg5 Nf6 13. a3 Nc5 14. Nd2 Qe8 15. Be3
Ncxe4 16. Ndxe4 Nxe4 17. Nxe4 fxe4 18. Bh5 Qe7 19. Qd2 c6 20. O-O-O cxd5 21.
cxd5 b5 22. Rhg1 Kh8 23. Kb1 b4 24. a4 b3 25. Rc1 Ba6 26. Be2 Qd7 27. Rc6 Bb7
28. Bb5 Bxc6 29. Bxc6 Qxh3 30. Bxa8 Rxa8 31. Qc3 Qd7 32. Qxb3 Qc7 33. Rc1 Qb8
34. Qc4 Qb7 35. Qb5 Qxb5 36. axb5 h6 37. Ka2 Kh7 38. Ka3 Bf6 39. Ka4 Kg6 40. b6
Rb8 41. Kb5 Bd8 42. Rc6 Bxb6 43. Rxd6+ Kf7 44. Rxb6 Rd8 45. Kc5 1-0

[Event "La Pobla de Lillet op A"]
[Site "La Pobla de Lillet ESP"]
[Date "2014.08.06"]
[Round "5.9"]
[White "Prats Rodriguez, JB."]
[Black "Gomez Sanjuan, HF."]
[Result "1-0"]
[WhiteElo "2050"]
[BlackElo "1812"]
[PlyCount "95"]
[EventDate "2014.08.02"]
[EventType "swiss"]
[EventRounds "9"]
[EventCountry "ESP"]
[SourceTitle "Ajedrez en Madrid"]
[Source "lmi"]
[SourceDate "2020.06.24"]
[SourceVersion "1"]
[SourceVersionDate "2020.06.24"]
[SourceQuality "1"]

1. e4 c5 2. Nc3 Nc6 3. g3 g6 4. Bg2 Bg7 5. d3 d6 6. Be3 Rb8 7. Qd2 b5 8. Nge2
b4 9. Nd1 Nd4 10. O-O e6 11. Nc1 Ne7 12. c3 bxc3 13. bxc3 Ndc6 14. Bh6 O-O 15.
Bxg7 Kxg7 16. Ne3 Ba6 17. Ne2 Ne5 18. c4 Qb6 19. f4 Nd7 20. Rac1 f5 21. g4 Qb4
22. Nc3 Qa3 23. exf5 exf5 24. gxf5 Nxf5 25. Nxf5+ Rxf5 26. Ne4 Qb2 27. Qxb2+
Rxb2 28. Nxd6 Rf8 29. Rce1 Nf6 30. Re7+ Kg8 31. a4 Rd8 32. Ne4 Nxe4 33. Bxe4
Ra2 34. Bd5+ Kh8 35. Rxa7 Rxa4 36. Re1 Bxc4 37. Rxa4 Bxd5 38. Re7 Bg8 39. Kf2
Rf8 40. Ke3 Bf7 41. Raa7 Kg7 42. Ke4 Kf6 43. Rxf7+ Rxf7 44. Rxf7+ Kxf7 45. Kd5
Ke7 46. Kxc5 Kd7 47. Kd5 h6 48. h4 1-0